00370 a2200097 4500001001000000005001700010008004100027245004400068100001800112773014200130ART_4275220260410161737.0260409a 10aConvertirnos a la religión del cambio1 aAustin, James0 tEjecutivos de finanzasgImpacto de la revolución tecnológica en la economía y los negocios - Año 12, Nº 132 (dic. 1996)wREV2863